| 000 | 00522nam a22001337a 4500 | ||
|---|---|---|---|
| 040 | _cRUA | ||
| 082 | _aAGR NIT 2013 B054 Or.1 | ||
| 100 | _aNIT, SINET. | ||
| 245 | _aEffect of latex coagulated pH on rubber quality ឥទ្ធិពលប៉េហាស់បង្កកទឹកជ័រទៅលើគុណភាពកៅស៊ូ | ||
| 260 |
_aPhnom Penh _bRUA _c2013 |
||
| 300 |
_axiii; 69p. _bill. _c29cm. |
||
| 856 | _uhttps://drive.google.com/file/d/12hTYNJMQcc0DYXdFkhWDS0N5NmmlmPxB/view?usp=sharing | ||
| 942 | _cAGR | ||
| 999 |
_c1280 _d1280 |
||